000 00903 a2200241 4500
999 _c8244
_d8244
020 _a9780415584869
020 _a0415584868
020 _a9780415584890
020 _a0415584892
050 0 0 _aPN241 154MUN 2012
100 1 _aMunday, Jeremy,
_eauthor.
245 1 0 _aIntroducing translation studies :
_btheories and applications /
_cJeremy Munday.
250 _a3rd edition.
264 1 _aLondon ;
_aNew York :
_bRoutledge,
_c2012.
300 _axvi, 364 pages :
_billustrations ;
500 _aIncludes bibliographical references and index.
504 _aIncludes bibliographical references and index.
650 0 _aTranslating and interpreting.
650 7 _aTranslating and interpreting.
942 _2lcc
_cBK
_h241.154
_iMUN
_kPN